Understanding global environmental politics : (Record no. 7437)
[ view plain ]
| 000 -LEADER | |
|---|---|
| fixed length control field | 01110nac a22002291u 4500 |
| 010 ## - LIBRARY OF CONGRESS CONTROL NUMBER | |
| LC control number | 99053110 |
| 020 ## - INTERNATIONAL STANDARD BOOK NUMBER | |
| International Standard Book Number | 0312230907 (cloth) |
| 082 00 - DEWEY DECIMAL CLASSIFICATION NUMBER | |
| Classification number | 363.7 |
| Item number | PAT |
| 090 ## - LOCALLY ASSIGNED LC-TYPE CALL NUMBER (OCLC); LOCAL CALL NUMBER (OCLC) | |
| -- | 7437 |
| -- | 7437 |
| 100 ## - MAIN ENTRY--PERSONAL NAME | |
| Personal name | Paterson, Matthew, |
| 245 10 - TITLE STATEMENT | |
| Title | Understanding global environmental politics : |
| Remainder of title | domination, accumulation, resistance / |
| Statement of responsibility, etc | Matthew Paterson. |
| 260 ## - PUBLICATION, DISTRIBUTION, ETC. (IMPRINT) | |
| Place of publication, distribution, etc | Houndmills, Basingstoke, Hampshire : |
| Name of publisher, distributor, etc | Macmillan Press ; |
| Place of publication, distribution, etc | New York : |
| Name of publisher, distributor, etc | St. Martin's Press,2000 |
| Date of publication, distribution, etc | c2000. |
| 300 ## - PHYSICAL DESCRIPTION | |
| Extent | x, 199 p. : |
| Other physical details | ill. ; |
| Dimensions | 23 cm. |
| 500 ## - GENERAL NOTE | |
| General note | distributer: Al-Ahram |
| 504 ## - BIBLIOGRAPHY, ETC. NOTE | |
| Bibliography, etc | Includes bibliographical references (p. 175-195) and index. |
| 511 ## - PARTICIPANT OR PERFORMER NOTE | |
| Participant or performer note | catalogued by: wessam |
| 650 #0 - SUBJECT ADDED ENTRY--TOPICAL TERM | |
| Topical term or geographic name as entry element | Environmental policy. |
| 856 42 - ELECTRONIC LOCATION AND ACCESS | |
| Materials specified | Contributor biographical information |
| Uniform Resource Identifier | <a href="http://www.loc.gov/catdir/bios/hol058/99053110.html">http://www.loc.gov/catdir/bios/hol058/99053110.html</a> |
| 856 42 - ELECTRONIC LOCATION AND ACCESS | |
| Materials specified | Publisher description |
| Uniform Resource Identifier | <a href="http://www.loc.gov/catdir/description/hol057/99053110.html">http://www.loc.gov/catdir/description/hol057/99053110.html</a> |
| 856 42 - ELECTRONIC LOCATION AND ACCESS | |
| Materials specified | Table of contents |
| Uniform Resource Identifier | <a href="http://www.loc.gov/catdir/toc/hol053/99053110.html">http://www.loc.gov/catdir/toc/hol053/99053110.html</a> |
| 942 ## - ADDED ENTRY ELEMENTS (KOHA) | |
| Item type | Book - Borrowing |
| Call number prefix | 363.7PAT |
| Withdrawn status | Item status | Damaged status | Not for loan | Home library | Current library | Shelving location | Date acquired | Source of acquisition | Total Checkouts | Total Renewals | Full call number | Barcode | Date last seen | Date last borrowed | Koha item type |
|---|---|---|---|---|---|---|---|---|---|---|---|---|---|---|---|
| Central Library | Central Library | First floor | 24/01/2008 | Purchase | 2 | 4 | 363.7PAT | 000008934 | 15/07/2025 | 25/02/2025 | Book - Borrowing |